Fables de la Fontaine (Record no. 6371)

MARC details
000 -CABECERA
campo de control de longitud fija 00788nam a2200229 a 4500
001 - NÚMERO DE CONTROL
campo de control BRCA_6688
005 - FECHA Y HORA DE LA ÚLTIMA TRANSACCIÓN
campo de control 20190320205544.0
008 - DATOS DE LONGITUD FIJA--INFORMACIÓN GENERAL
campo de control de longitud fija 171011s1800----fr-a######---#000-0#fre-#
041 ## - CÓDIGO DE LENGUA
Código de lengua del texto/banda sonora o título independiente fre
044 ## - CÓDIGO DEL PAÍS DE LA ENTIDAD EDITORA/PRODUCTORA
Código MARC del país fr
050 #4 - SIGNATURA TOPOGRÁFICA DE LA BIBLIOTECA DEL CONGRESO
Número de clasificación PQ1807
Número de documento/Ítem .L46 1800
245 10 - MENCIÓN DE TÍTULO
Título Fables de la Fontaine
Resto del título avec de nouvelles remarques explicatives philologiques et littéraires et un choix de notes extraites de tous les commentateurs
Mención de responsabilidad, etc. par M. Felix Lemaistre
260 ## - PUBLICACIÓN, DISTRIBUCIÓN, ETC.
Lugar de publicación, distribución, etc. París
Nombre del editor, distribuidor, etc. Garnier
Fecha de publicación, distribución, etc. [18--?]
300 ## - DESCRIPCIÓN FÍSICA
Extensión xliv, 416 p.
Otras características físicas il.
Dimensiones 19 cm.
500 ## - NOTA GENERAL
Nota general Edition ilustree de l´auter par L. S. Auger et de son eloge par Champfrot.
500 ## - NOTA GENERAL
Nota general I71
650 14 - PUNTO DE ACCESO ADICIONAL DE MATERIA--TÉRMINO DE MATERIA
Término de materia o nombre geográfico como elemento de entrada Fabulas francesas
9 (RLIN) 16723
650 14 - PUNTO DE ACCESO ADICIONAL DE MATERIA--TÉRMINO DE MATERIA
Término de materia o nombre geográfico como elemento de entrada Literatura francesa
9 (RLIN) 16724
700 1# - PUNTO DE ACCESO ADICIONAL--NOMBRE DE PERSONA
Nombre de persona Lemaistre, Felix
Término indicativo de función/relación ed.
9 (RLIN) 16725
902 ## - CATALOGADOR
Iniciales GFM
942 ## - ELEMENTOS DE PUNTO DE ACCESO ADICIONAL (KOHA)
Fuente del sistema de clasificación o colocación Library of Congress Classification
Tipo de ítem Koha Libros
Holdings
Estado de retiro Estado de pérdida Estado dañado No para préstamo Localización permanente Ubicación/localización actual Fecha de adquisición Número de inventario Total de préstamos Signatura topográfica completa Código de barras Fecha visto por última vez Precio válido a partir de Tipo de ítem Koha
El ejemplar forma parte de la colección y puede ser consultado según las políticas vigentes.       Biblioteca del Museo Franz Mayer (Rogerio Casas-Alatriste) Biblioteca del Museo Franz Mayer (Rogerio Casas-Alatriste) 17/10/2011 I71   PQ1807 .L46 1800 (I71) 7135 22/03/2019 22/03/2019 Libros